Bremen: Hannover PO, North German Dist. collection F. Meyer (Auct: Sept 23 2021) (Record no. 3231)

000 -LEADER
fixed length control field 00355nam a22000977a 4500
008 - FIXED-LENGTH DATA ELEMENTS--GENERAL INFORMATION
fixed length control field 211213b ||||| |||| 00| 0 eng d
100 ## - MAIN ENTRY--AUTHOR'S NAME
Author's Name Heinrich Kohler Auctions
245 ## - TITLE STATEMENT
Title Bremen: Hannover PO, North German Dist. collection F. Meyer (Auct: Sept 23 2021)
260 ## - PUBLICATION, DISTRIBUTION, ETC. (IMPRINT)
Place of publication, distribution, etc. Wiesbaden
Name of publisher, distributor, etc. Heinrich Kohler Auctions
Date of publication, distribution, etc. 2021
650 ## - TOPICAL TERM (Tag)
Topical term or geographic name Bremen; old German States; Hannover
Holdings
Withdrawn status Lost status Source of classification or shelving scheme Damaged status Koha normalized classification for sorting Not for loan Permanent Location Current Location Shelving location Date acquired Total Checkouts Full call number Barcode Date last seen Copy number Price effective from Koha item type
        G6299 B7 K792   Northern Philatelic Library Northern Philatelic Library General Stacks 12/13/2021   G6299 B7 K792 1005676 12/13/2021 1 12/13/2021 Auction Catalogs

Powered by Koha